|
|
|
|
| LEADER |
00741cam a2200217 7i4500 |
| 001 |
0000010195 |
| 005 |
20151104090000.0 |
| 005 |
##20151104112000.0 |
| 003 |
##MY-KlINT |
| 020 |
# |
# |
|a 9833526241
|
| 039 |
# |
9 |
|y 201511041120
|z VLOAD
|
| 090 |
0 |
0 |
|a 808.02
|b PAR
|
| 100 |
1 |
# |
|a Parmjit Singh,
|d 1963-
|
| 245 |
1 |
0 |
|a A comprehensive guide to writing a research proposal /
|c Permjit Singh, Chan Yuen Fook dan Gurnam Kaur Sidhu.
|
| 260 |
# |
# |
|a Batu Caves, Selangor:
|b Venton Publishing (M) Sdn. Bhad,
|c 2006.
|
| 300 |
# |
# |
|a x, 211 p:
|b ill;
|c 24cm.
|
| 650 |
# |
0 |
|a Academic writing
|
| 650 |
# |
0 |
|a Proposal writing in research
|
| 700 |
0 |
# |
|a Chan Yuen Fook(
|d 1963-)
|
| 700 |
0 |
# |
|a Sidhu,
|h Gurnam Kaur(
|d 1956-)
|
| 999 |
|
|
|a 0000063510
|b BOOK
|c Main Non-Fiction
|e INTAN BK
|